General Knowledge Quiz Difficulty: Medium - Statistics

General Stats
  • This quiz has been taken 97 times
  • The average score is 6 of 10
Answer Stats
Hint Answer % Correct
Which famous scientist developed the theory of general relativity? Albert Einstein
86%
Name the country located in the Pyrenees mountan range that only borders Spain and France Andorra
86%
In what year did the first human land on the Moon? 1969
85%
Name of the US president featured on the 5 USD bill Abraham Lincoln
71%
Name of the youngest country in the world South Sudan
65%
Who composed the four seasons concerto Antonio Vivaldi
61%
Predecessor of Pope Francis Benedict XVI
48%
UN country with the smallest population density Mongolia
48%
When was the Bastille prison taken during the french revolution (year) 1789
38%
Name of the algebraic notation a2 + b2 = c2 Pythagorean Theorem
29%
No matching quizzes found
Score Distribution
Percent of People with Each Score
Percentile by Number Answered
Your Score History
You have not taken this quiz